003460000a2200085000450024501070000004100140010770000270012110000240014877300880017210aClave ilustrada para la determinación genérica de larvas de Culicidae de Colombia y el nuevo mundo0 aEspañol1 aDarsie Jr., Richard F.1 aGonzález, Ranulfo1 tBoletín del Museo de Entomología de la Universidad del Valleh1q19-38d1996g4